Psicolingüística y desarrollo del español
保存先:
| 主要な著者: | , |
|---|---|
| フォーマット: | 図書 |
| 言語: | スペイン語 |
| 出版事項: |
Caracas
Monte Avila
1997
|
| 版: | 2a. ed |
| シリーズ: | Manuales
|
| 主題: | |
| タグ: |
タグ追加
タグなし, このレコードへの初めてのタグを付けませんか!
|
MARC
| LEADER | 00000nam a2200000 a 4500 | ||
|---|---|---|---|
| 001 | UCK0454 | ||
| 003 | CL-VaPUC | ||
| 008 | 041008e19970000VE |||||||||||||||||spa|d | ||
| 020 | |a 980010453 | ||
| 082 | 0 | 4 | |a 401.9 |b BAR |2 21 |
| 100 | 0 | |a Barrera Linares, Luis |e author |9 488417 | |
| 700 | 0 | |a Fraca de Barrera, Lucía |e author |9 488418 | |
| 245 | 1 | 0 | |a Psicolingüística y desarrollo del español |
| 250 | |a 2a. ed | ||
| 300 | |a 214 p | ||
| 942 | |c BK | ||
| 945 | |d 20041008 00:00:00 |a cmena | ||
| 260 | |a Caracas |b Monte Avila |c 1997 | ||
| 650 | 0 | |a Psicolingüística |9 283371 | |
| 650 | 0 | |a Adquisición del lenguaje |9 309032 | |
| 650 | 0 | |a Educación lingüística |9 306506 | |
| 650 | 0 | |a Desarrollo cognitivo |9 311398 | |
| 583 | |a last modification |c 20041008 00:00:00 |k Rodrigo Vera | ||
| 490 | 0 | |a Manuales | |
| 999 | |c 310892 |d 310890 | ||
| 952 | |0 0 |1 0 |4 0 |6 401_900000000000000_BAR_1997 |7 0 |8 A |9 379935 |a BIBEDU |b BIBEDU |d 2019-11-21 |i 4066782 |o 401.9 BAR 1997 |p 4066782 |r 2019-11-21 |w 2019-11-21 |y BK |k LIT | ||